000 00798cam a2200265Ia 4500
008
020 _a0748739831 (pbk.)
049 _aMAIN
090 _aQD151.2
_bMAC
100 1 _aMackay, K.M.
245 1 0 _aIntroduction to modern inorganic chemistry /
_cK.M. Mackay, R.A. Mackay and W. Henderson.
250 _a5th ed.
260 _aCheltenham, U.K. :
_bStanley Thornes,
_c1996.
300 _axvi, 468 p. :
_bill. ;
_c28 cm.
504 _aIncludes bibliographical references.
500 _aIncludes index.
650 0 _aChemistry, Inorganic.
700 1 _aMackay, Rosemary Ann.
700 1 _aHenderson, W.
907 _a.b10018748
_b19-03-13
_c17-04-03
003
005 20230123134123.0
040 _cNUST
942 _cBOOKS
_kQD151.2
_mMAC
999 _c160372
_d160372